[Event "SWE-ch U18"]
[Site "Umea"]
[Date "2003.07.10"]
[Round "11"]
[White "Attaran, Sina"]
[Black "Andersson, Fredrik1111"]
[Result "0-1"]
[WhiteElo "1909"]
[BlackElo "2282"]
[PlyCount "64"]
[EventDate "2003.06.29"]
[EventType "tourn"]
[EventRounds "13"]
[EventCountry "SWE"]
[SourceTitle "EXT 2004"]
[Source "ChessBase"]
[SourceDate "2003.11.25"]
[SourceVersion "1"]
[SourceVersionDate "2003.11.25"]
[SourceQuality "1"]

1. d4 d5 2. c4 c6 3. e3 Nf6 4. Nc3 e6 5. Nf3 Nbd7 6. Bd3 dxc4 7. Bxc4 b5 8. Bd3 a6 9. Bd2 c5 10. dxc5 Nxc5 11. Be2 Bb7 12. 0-0 Be7 13. b4 Nce4 14. Nxe4 Nxe4 15. Be1 Qb6 16. Qd4 Qc7 17. Qd1 Nc3 18. Bxc3 Qxc3 19. a3 Bf6 20. Qd6 Rd8 21. Qb6 Qc6 22. Qxc6+ Bxc6 23. Ra2 Ke7 24. Rc1 Rc8 25. Rac2 Bb7 26. Ne1 Bb2 27. Rxc8 Rxc8 28. Rxc8 Bxc8 29. Nc2 Bb7 30. Bf3 Bxf3 31. gxf3 Kd6 32. Kf1 Kd5 0-1

[Event "SWE-ch U18"]
[Site "Umea"]
[Date "2003.07.07"]
[Round "8"]
[White "Thurn, Magnus"]
[Black "Attaran, Sina"]
[Result "1/2-1/2"]
[WhiteElo "2122"]
[BlackElo "1909"]
[PlyCount "57"]
[EventDate "2003.06.29"]
[EventType "tourn"]
[EventRounds "13"]
[EventCountry "SWE"]
[SourceTitle "EXT 2004"]
[Source "ChessBase"]
[SourceDate "2003.11.25"]
[SourceVersion "1"]
[SourceVersionDate "2003.11.25"]
[SourceQuality "1"]

1. e4 e5 2. Nc3 Nc6 3. f4 exf4 4. d4 Qh4+ 5. Ke2 d6 6. Nd5 Bg4+ 7. Nf3 0-0-0 8. Bxf4 Re8 9. Kd3 Bxf3 10. gxf3 f5 11. Qe1 Qh5 12. Qg3 Qf7 13. Bh3 g6 14. c3 Kb8 15. Rae1 Nge7 16. Nxe7 fxe4+ 17. fxe4 Bxe7 18. b3 Qg7 19. Bd7 Ref8 20. Bxc6 bxc6 21. Rhf1 Rf7 22. Bg5 Bxg5 23. Qxg5 Rhf8 24. Rxf7 Qxf7 25. Qe3 Qf4 26. Qxf4 Rxf4 27. Ke3 Rh4 28. Re2 Rh3+ 29. Kd2 1/2-1/2

[Event "SWE-ch U18"]
[Site "Umea"]
[Date "2003.07.04"]
[Round "6"]
[White "Gustafsson, Stefan"]
[Black "Attaran, Sina"]
[Result "1/2-1/2"]
[WhiteElo "1888"]
[BlackElo "1909"]
[PlyCount "31"]
[EventDate "2003.06.29"]
[EventType "tourn"]
[EventRounds "13"]
[EventCountry "SWE"]
[SourceTitle "EXT 2004"]
[Source "ChessBase"]
[SourceDate "2003.11.25"]
[SourceVersion "1"]
[SourceVersionDate "2003.11.25"]
[SourceQuality "1"]

1. e4 c5 2. Nc3 a6 3. g3 Nc6 4. Bg2 g6 5. d3 Bg7 6. Be3 d6 7. Qd2 e6 8. Nge2 Nge7 9. h4 b5 10. h5 Bb7 11. hxg6 hxg6 12. Rxh8+ Bxh8 13. f4 Nd4 14. Nd1 Nxe2 15. Qxe2 Qc7 16. c3 1/2-1/2